000 00232 a2200097 4500
001 33805
100 _aDani, Ahmed Hasan
245 _aFounding fathers of Pakistan
260 _aLahore
_bSange Meel Pub
_c1998
090 _c22457
_d22457
942 _aNUST-CAE
_cM
_c13844
999 _c268878
_d268878